Physiology (Registro nro. 88923)
[ vista simple ]
| 000 -ENCABEZADO | |
|---|---|
| Número de control [NR] | 00784nam a22002417a 4500 |
| 005 - FECHA Y HORA DE LA ÚLTIMA TRANSACCIÓN | |
| control field | 20240524103045.0 |
| 008 - DE LONGITUD FIJA DE DATOS DE ELEMENTOS - INFORMACIÓN GENERAL | |
| Elementos de longitud fija [NR] | 130821s2004 xxua gr eng |
| 020 ## - NUMERO INTERNACIONAL NORMALIZADO PARA LIBROS [R] | |
| Número Internacional Normalizado del libro [NR] | 0323022251 |
| 040 ## - FUENTE DE CATALOGACION [NR] | |
| Agencia de catalogación original [NR] | Co-BoUCM |
| Idioma de catalogación [NR] | spa |
| Quien Cataloga | David Moreno (modificó) |
| Quien Clasifica | David Moreno (modificó) |
| 041 00 - CODIGO DE IDIOMA [R] | |
| Código de idioma para texto/pista de sonido o título separado [R] | Inglés |
| 060 10 - SIGNATURA TOPOGRAFICA DE LA BIBLIOTECA NACIONAL DE MEDICINA (NLM) [R] | |
| Número clasificador [R] | QT 4 |
| Número de ítem [NR] | P578 |
| 245 00 - MENCION DE TITULO [NR] | |
| Título [NR] | Physiology |
| Mención de responsabilidad, etc. [NR] | editores Robert M. Berne ... [et al.] |
| 250 ## - MENCION DE EDICION [NR] | |
| Mención de edición [NR] | 5a. Ed. |
| 260 ## - PUBLICACION, DISTRIBUCION, ETC. (PIE DE IMPRENTA) [R] | |
| Lugar de publicación, distribución, etc. [R] | San Luis (Misuri, Estados Unidos) |
| Nombre del editor, distribuidor, etc. [R] | Mosby |
| Fecha de publicación, distribución, etc. [R] | 2004 |
| 300 ## - DESCRIPCION FISICA [R] | |
| Extensión [R] | x, 1014 Páginas |
| Otros detalles físicos [NR] | ilustraciones |
| 650 04 - ASIENTO SECUNDARIO DE MATERIA - TERMINO TEMATICO [R] | |
| Término temático o nombre geográfico como elemento de entrada [NR] | Células |
| 9 (RLIN) | 10643 |
| 650 04 - ASIENTO SECUNDARIO DE MATERIA - TERMINO TEMATICO [R] | |
| Término temático o nombre geográfico como elemento de entrada [NR] | Digestión |
| 9 (RLIN) | 13266 |
| 650 04 - ASIENTO SECUNDARIO DE MATERIA - TERMINO TEMATICO [R] | |
| Término temático o nombre geográfico como elemento de entrada [NR] | Fisiología celular |
| 9 (RLIN) | 15929 |
| 650 04 - ASIENTO SECUNDARIO DE MATERIA - TERMINO TEMATICO [R] | |
| Término temático o nombre geográfico como elemento de entrada [NR] | Fisiología humana |
| 9 (RLIN) | 15943 |
| 650 04 - ASIENTO SECUNDARIO DE MATERIA - TERMINO TEMATICO [R] | |
| Término temático o nombre geográfico como elemento de entrada [NR] | Fisiología |
| 9 (RLIN) | 15925 |
| 700 1# - ASIENTO SECUNDARIO - NOMBRE PERSONAL [R] | |
| Nombre personal [NR] | Berne, Robert M. |
| Fechas asociadas con el nombre [NR] | 1918- |
| 9 (RLIN) | 67128 |
| 942 ## - ELEMENTOS DE ENTRADA AGREGADOS (KOHA) | |
| Tipo de ítem principal el descrito en 300a | Libro |
| Tema principal | Ciencias de la salud |
| Edición | 5 |
| Parte restante de la signatura top. | P578 |
| Sistema de clasificación | NLM |
| Clasificación | QT 4 |
| Título oculto en OPAC | No |
| Fecha de último préstamo | Total préstamos | Total Renewals | Signatura topográfica | Código de barras | Última vez visto | Volúmen / Fascículo | Ejemplar | Price effective from | Tipo de ítem | Perdido | Sistema de clasificación | Dañado | No prestable | Tipo de ítem específico | Suprimido | Ubicación habitual | Ubicación actual | Localización | Fecha de creación | Forma de adquisición | Costo |
|---|---|---|---|---|---|---|---|---|---|---|---|---|---|---|---|---|---|---|---|---|---|
| 24/02/2014 | 51 | 2 | QT 4 P578 | 200012443 | 11/12/2025 | 5a. Ed. | Ej.3 | 03/02/2013 | Libro | NLM | Libro | Quinta de Mutis | Quinta de Mutis | 1er piso | 30/09/2006 | Compra | 0.00 | ||||
| 14/01/2014 | 69 | 4 | QT 4 P578 | 200012444 | 11/12/2025 | 5a. Ed. | Ej.2 | 03/02/2013 | Libro | NLM | Libro | Quinta de Mutis | Quinta de Mutis | 1er piso | 30/09/2006 | Compra | 0.00 | ||||
| 17/01/2014 | 70 | 5 | QT 4 P578 | 200012442 | 11/12/2025 | 5a. Ed. | Ej.4 | 03/02/2013 | Libro | NLM | Libro | Quinta de Mutis | Quinta de Mutis | 1er piso | 30/09/2006 | Compra | 0.00 | ||||
| 25/04/2018 | 29 | 14 | QT 4 P578 | 200012445 | 11/12/2025 | 5a. Ed. | Ej.1 | 03/02/2013 | Libro | NLM | Libro | Quinta de Mutis | Quinta de Mutis | 1er piso | 30/09/2006 | Compra | 140000.00 | ||||
| 07/02/2018 | 53 | 16 | QT 4 P578 | 200015070 | 11/12/2025 | 5a. Ed. | Ej.7 | 03/02/2013 | Libro | NLM | Libro | Quinta de Mutis | Quinta de Mutis | 1er piso | 30/09/2007 | Compra | 169000.00 | ||||
| 24/10/2024 | 56 | 13 | QT 4 P578 | 200015071 | 11/12/2025 | 5a. Ed. | Ej.6 | 03/02/2013 | Libro | NLM | Libro | Quinta de Mutis | Quinta de Mutis | 1er piso | 30/09/2007 | Compra | 169000.00 |